Quiz o Odrzykoniu - Statystyki

Ogólne statystyki
  • Ten quiz został rozwiązany 277 razy
  • Średni wynik to 10 z 16
Statystyki odpowiedzi
Podpowiedź Odpowiedź % Poprawnych
Województwo, w którym leży Odrzykoń podkarpackie
100%
Książka, która powstała dzięki Zamkowi Odrzykońskiemu(Aleksandra Fredry) Zemsta
89%
Tablice rejestracyjne Odrzykonia RKR | YKR
83%
Województwo, w którym Odrzykoń był położony w latach 1975-1998 krośnieńskie
78%
Najważniejsza rzeka przepływająca przez wieś Wisłok
72%
Gmina, w której leży Odrzykoń Wojaszówka
72%
Najpopularniejsza atrakcja Odrzykonia Zamek Kamieniec
61%
Polski duchowny, wojskowy i polityk, kapelan Legionu Wschodniegopochodzący z Odrzykonia Józef Panaś
56%
Obecny sołtys Odrzykonia Rafał Folta
56%
Kod pocztowy wsi 38-406
50%
Odrzykoński Klub Piłkarski GKS Zamczysko Odrzykoń
50%
Wcześniejsza nazwa Odrzykonia Kamieniec | Ehremberg alias Orzykoń
50%
Rezerwat leżący w okolicy Odrzykonia Prządki
50%
Najdłuższa ulica we wsi Armii Krajowej
44%
Park Krajobrazowy, w którym leży Odrzykoń Czarnorzecko-Strzyżowski P.K.
33%
Kraina geograficzna, na której leży Odrzykoń Pogórze Dynowskie|Doły Jasielsko-Sanockie
17%
Nie znaleziono quizów pasujących do podanych kryteriów
Rozkład punktacji
Procent ludzi z każdym wynikiem
Percentyl według liczby udzielonych odpowiedzi
Twoja historia wyników
Nie rozwiązałeś tego quizu